El Aleph

Gespeichert in:
Bibliographische Detailangaben
1. Verfasser: Borges, Jorge Luis (autor)
Format: Buch
Sprache:Spanisch
Veröffentlicht: Madrid Alianza 1971
Ausgabe:1a. ed
Schriftenreihe:El Libro de Bolsillo Alianza. Sección Literatura, 309
Schlagworte:
Tags: Tag hinzufügen
Keine Tags, Fügen Sie den ersten Tag hinzu!

MARC

LEADER 00000cam a2200000 a 4500
001 UCQ4745
003 CL-VaPUC
008 980910e19710000SP |||||||||||||||||spa|d
020 |a 8420613096 
082 0 4 |a Ar863  |b BOR  |2 21 
100 |a Borges, Jorge Luis  |e autor  |9 322093 
245 1 3 |a El Aleph 
250 |a 1a. ed 
300 |a 184 p 
942 |c BK 
945 |d 19980910 00:00:00  |a lriquelm 
260 |a Madrid  |b Alianza  |c 1971 
650 7 |a CUENTOS FANTASTICOS ARGENTINOS  |2 CL-VaPUC  |9 318377 
650 7 |a LITERATURA FANTASTICA ARGENTINA  |2 CL-VaPUC  |9 318378 
650 7 |a CUENTOS ARGENTINOS  |2 CL-VaPUC  |9 418946 
583 |a last modification  |c 20150526 05:52:08  |k Rodrigo Vera 
490 0 |a El Libro de Bolsillo Alianza. Sección Literatura, 309 
999 |c 275047  |d 275045 
952 |0 0  |1 0  |4 0  |6 AR_863_000000000000000_BOR_1971  |7 0  |8 A  |9 311570  |a BIBEDU  |b BIBEDU  |d 2019-11-20  |i 2868679  |o Ar863 BOR 1971  |p 2868679  |r 2019-11-20  |w 2019-11-20  |y BK  |k LIT 
952 |0 0  |1 0  |4 0  |6 AR_863_000000000000000_BOR_1971  |7 0  |8 A  |9 311572  |a BIBEDU  |b BIBEDU  |d 2019-11-20  |i 208757K  |o Ar863 BOR 1971  |p 208757K  |r 2019-11-20  |w 2019-11-20  |y BK  |k LIT 
952 |0 0  |1 0  |3 erb  |4 0  |6 AR_863_000000000000000_BOR_1971  |7 0  |8 A  |9 311573  |a BIBEDU  |b BIBEDU  |e Villagrán Garnham, Jorge  |i 5176328  |l 3  |o Ar863 BOR 1971  |p 5176328  |r 2025-04-01  |s 2025-03-25  |w 2019-11-20  |y BK  |z Catalogado en:20150529  |k LIT